000 00286nam a22001217a 4500
008 230704b xxu||||| |||| 00| 0 eng d
082 _a340.3
_bKEN
100 _cGOK
245 _aKenya law reform commission
_bEleventh Annual report
260 _c1993
300 _a19p
942 _2ddc
_cBK
999 _c3637
_d3637